Kỹ thuật nuôi rắn ri voi

Cung cấp những đặc tính sinh học, kỹ thuật sinh sản ương dưỡng và nuôi thương phẩm rắn ri voi; Một số bệnh ở rắn nuôi và cách phòng trị

Đã lưu trong:
书目详细资料
主要作者: Việt Chương
格式: 图书
语言:Undetermined
出版: Hà Nội Mỹ thuật 2013
主题:
标签: 添加标签
没有标签, 成为第一个标记此记录!
Thư viện lưu trữ: Trung tâm Học liệu Trường Đại học Cần Thơ
LEADER 00803nam a2200217Ia 4500
001 CTU_207329
008 210402s9999 xx 000 0 und d
020 |c 30000 
082 |a 639.396 
082 |b V308 
100 |a Việt Chương 
245 0 |a Kỹ thuật nuôi rắn ri voi 
245 0 |c Việt Chương, Phúc Quyên 
260 |a Hà Nội 
260 |b Mỹ thuật 
260 |c 2013 
520 |a Cung cấp những đặc tính sinh học, kỹ thuật sinh sản ương dưỡng và nuôi thương phẩm rắn ri voi; Một số bệnh ở rắn nuôi và cách phòng trị 
650 |a Con rắn,Snakes 
650 |x Chăn nuôi,Breeding 
904 |i Hải 
980 |a Trung tâm Học liệu Trường Đại học Cần Thơ